Gopal Rakhal dialectic/ (Record no. 139343)

MARC details
000 -LEADER
fixed length control field 00745nam a22002177a 4500
005 - DATE AND TIME OF LATEST TRANSACTION
control field 20170427172913.0
010 ## - LCCN (DPL NO)
LC control number ENG-117953
020 ## - INTERNATIONAL STANDARD BOOK NUMBER
International Standard Book Number 9789382381556
Terms of availability 950.00
035 ## - SYSTEM CONTROL NUMBER
System control number EN-101485
037 ## - SOURCE OF ACQUISITION
Source of stock number/acquisition DBAD/PUB
082 ## - DEWEY DECIMAL CLASSIFICATION NUMBER
Classification number 863.099282
100 ## - MAIN ENTRY--PERSONAL NAME
Personal name Bandyopadhyay,Sibaji
245 ## - TITLE STATEMENT
Title Gopal Rakhal dialectic/
Statement of responsibility, etc by Sibaji Bandyopadhyay ; trancleted by Rani Ray [and] Nivedita Sen
Remainder of title colonialism and children's literature in Bangal /
260 ## - PUBLICATION, DISTRIBUTION, ETC. (IMPRINT)
Place of publication, distribution, etc New Delhi
Name of publisher, distributor, etc Tulika Books
Date of publication, distribution, etc 2015
270 ## - ADDRESS
Address 35A/1 Shahpur Jat
City New Delhi
Postal code 110049
300 ## - PHYSICAL DESCRIPTION
Extent xxii,325p.
Dimensions 24cm(Hb)
500 ## - GENERAL NOTE
General note Includes bibliographical references and index
700 ## - ADDED ENTRY--PERSONAL NAME
Personal name Ray, Rani
700 ## - ADDED ENTRY--PERSONAL NAME
Personal name Sen, Nivedita
942 ## - ADDED ENTRY ELEMENTS (KOHA)
Source of classification or shelving scheme Dewey Decimal Classification
Item type English Books
Classification part 863.099282
Call number suffix BAN
Holdings
Withdrawn status Lost status Not for loan Collection code Home library Current library Date acquired Source of acquisition Cost, normal purchase price Full call number Barcode Copy number Cost, replacement price Koha item type
    Not For Loan Non-fiction D.B.Act.Division D.B.Act.Division 27/04/2017 DBAD/PUB 950.00 863.099282 BAN EN-101485 1 950.00 English Books

© Delhi Public Library
Hit Counter
free hit counter